| 000 | 00484nam a2200157Ia 4500 | ||
|---|---|---|---|
| 008 | 191130s1974##################000#0#eng## | ||
| 040 |
_aACL _cACL |
||
| 082 | _a582.13095487 FYS | ||
| 100 | _aFyson, P. F | ||
| 245 |
_aThe flora of the Nilgiri and pulney hill-tops (above 6,500 feet) _cP.F. Fyson |
||
| 260 |
_aDehra Dun _bBishen Singh Mahendra Pal Singh _c1974 |
||
| 300 | _axxvi, 475 p. : ill | ||
| 990 | _a8144f9d9ac10000c4ca0a942094686cc | ||
| 991 | _a195439 | ||
| 999 |
_c410350 _d410350 |
||